Writing and Producing Radio Dramas (Record no. 871)

MARC details
000 -LEADER
Fixed length control field 00484nam a2200181 4500
003 - CONTROL NUMBER IDENTIFIER
Control field SEACOMMC
005 - DATE AND TIME OF LATEST TRANSACTION
Control field 20250426135041.0
008 - FIXED-LENGTH DATA ELEMENTS--GENERAL INFORMATION
Fixed length control field 241213b |||||||| |||| 00| 0 eng d
020 ## - INTERNATIONAL STANDARD BOOK NUMBER / ISBN
International Standard Book Number 978-0-76193-326-7
Price Rs.420.00
040 ## - CATALOGING SOURCE
Original cataloging agency SEACOMMC
082 ## - DEWEY DECIMAL CLASSIFICATION NUMBER
Classification number 808.2
Book Number D 278
100 ## - MAIN ENTRY--PERSONAL NAME
Personal name De Fossard,Esta
245 1# - TITLE STATEMENT
Title Writing and Producing Radio Dramas
Statement of responsibility Esta, DeFossard
260 ## - IMPRINT
Place of publication New Delhi
Name of publisher Sage Publications
Date of publication 2005
300 ## - PHYSICAL DESCRIPTION
Page / Vol. No Vol. 01
650 ## - SUBJECT ADDED ENTRY--TOPICAL TERM
Topical term Literatures
942 ## - ADDED ENTRY ELEMENTS (KOHA)
Koha item type Books
Holdings
Withdrawn status Lost status Source of classification Damaged status Not for loan Home library Current library Shelving location Date acquired Total Checkouts Call number Accession number Date last seen Price effective from Koha item type
    Dewey Decimal Classification     SEACOM MANAGEMENT COLLEGE SEACOM MANAGEMENT COLLEGE Reference 06/12/2007   808.2 D 278 M-1183 13/12/2024 13/12/2024 Books
© Seacom Engineering College, All rights reserved.    Powered by Koha